[Event "LAT-ch Women 2017"]
[Site "Riga"]
[Date "2017.10.05"]
[Round "1"]
[White "Berzina, Ilze"]
[Black "Golsta, Madara"]
[Result "1/2-1/2"]
[WhiteElo "2245"]
[BlackElo "1716"]
[Annotator "TA"]
[PlyCount "76"]
[EventDate "2017.??.??"]
[EventType "swiss"]
[EventCountry "LAT"]
[SourceTitle "playchess.com"]
[Source "ChessBase"]
[SourceQuality "1"]

{[%evp 20,76,100,48,51,43,42,21,24,18,20,0,0,-31,-23,-64,-50,-72,-25,-84,-49,-120,-114,-108,-118,-116,-112,-116,-120,-147,-131,-166,-134,-150,-142,-142,-123,-129,-133,-146,-140,-153,-125,-146,-87,-137,-67,-133,-107,-111,-116,-111,-111,-111,-108,-106,-111,-115,-70]} 1. e4 c5 2. Nf3 d6 3. Bb5+ Nc6 4. O-O Bd7 5. Re1 a6 6. Bf1 Nf6 7. h3 g6 {B51: Sicilian: Moscow Variation (3 Bb5+) without 3...Bd7} (7... g5 8. d4 g4 9. d5 gxf3 10. dxc6 Bxc6 11. Qxf3 Nd7 12. Nc3 Bg7 13. Qg3 Be5 14. Bf4 Bxf4 {½-½ (14) Rozentalis,E (2535)-Laznicka,V (2672) Chartres 2017}) 8. c3 Bg7 9. d4 e5 10. dxc5 dxc5 11. a4 {LiveBook: 4 Games} (11. Nbd2 $16) 11... O-O 12. Qd6 Rc8 $146 ({Predecessor:} 12... b6 13. Na3 Re8 14. Qd1 Qc7 15. Qc2 {0-1 (42) Martens,M (2412)-Spoelman,W (2554) Netherlands 2010}) 13. Bg5 h6 14. Bxf6 Bxf6 15. Qd2 Bg7 16. Na3 Na5 17. Qd1 Be6 $36 {[%mdl 2048] Black has the initiative.} 18. Nd2 Qg5 {And now ...Rcd8 would win.} 19. Nf3 (19. Ndc4 $11 {keeps the balance.} Nxc4 20. Nxc4) 19... Qf6 20. c4 ({Better is} 20. Nd2 $15) 20... Rfd8 $17 21. Qc2 Nc6 22. Qc3 Nd4 23. Nxd4 cxd4 ({But not} 23... Rxd4 $6 24. Nc2 $11) 24. Qd3 Bf8 25. Rec1 Qe7 26. b3 Qg5 27. Nc2 {[%cal Ba3c2,Bc2e1,Be1f3][%mdl 32]} b5 28. Ne1 bxc4 29. bxc4 Bb4 30. Nf3 Qf6 31. Rab1 Bc5 (31... a5 $142 32. Qd1 Kg7) 32. Qd2 {[#]} Kg7 (32... Bxh3 $1 $17 {[%mdl 512] ...Kg7 is the strong threat.} 33. Qxh6 (33. gxh3 Qxf3) 33... Bg4) 33. Bd3 {[#]} ({White should try} 33. Ne1 $15) 33... Bxh3 $1 {[%mdl 512] aiming for ...Bg4.} 34. Nxe5 {Black is better.} (34. gxh3 Qxf3) 34... Qxe5 35. gxh3 Bd6 {[#] Hoping for ...Qh2+.} 36. f4 $1 {[%mdl 512]} Qxf4 37. Qxf4 Bxf4 38. Rf1 Be3+ {Precision: White = 34%, Black = 48%.} 1/2-1/2

[Event "LAT-ch Women 2017"]
[Site "Riga"]
[Date "2017.10.05"]
[Round "1"]
[White "Krumina, Linda"]
[Black "Dombrovska, Stefanija"]
[Result "1-0"]
[WhiteElo "2096"]
[BlackElo "1673"]
[Annotator "NA RC"]
[PlyCount "67"]
[EventDate "2017.??.??"]
[EventType "swiss"]
[EventCountry "LAT"]
[SourceTitle "playchess.com"]
[Source "ChessBase"]
[SourceQuality "1"]
[TimeControl "5400+30"]

1. d4 {[%emt 0:00:00]} d5 {[%emt 0:00:17]} 2. c4 {[%emt 0:00:00]} e6 {[%emt 0:00:31]} 3. Nc3 {[%emt 0:00:00]} Nf6 {[%emt 0:00:36]} 4. cxd5 {[%emt 0:00:11]} exd5 {[%emt 0:00:38]} 5. Bg5 {[%emt 0:00:36]} Be7 {[%emt 0:00:41]} 6. Qc2 {[%emt 0:00:13]} Nc6 {[%emt 0:00:50]} 7. e3 {[%emt 0:02:27]} a6 {[%emt 0:01:00]} 8. a3 {[%emt 0:03:52]} Be6 {[%emt 0:01:34]} 9. Bd3 {[%emt 0:02:43]} h6 {[%emt 0:00:30]} 10. Bh4 {[%emt 0:00:33]} Nh5 {[%emt 0:04:12]} 11. Bxe7 {[%emt 0:01:50]} Nxe7 {[%emt 0:00:53]} 12. Nf3 {[%emt 0:02:00]} Nf6 {[%emt 0:01:26]} 13. O-O {[%emt 0:07:38]} O-O {[%emt 0:00:21]} 14. Na4 {[%emt 0:04:22]} c6 {[%emt 0:08:25]} 15. Nc5 {[%emt 0:02:28]} Bc8 {[%emt 0:05:05]} 16. b4 {[%emt 0:01:22]} b6 {[%emt 0:01:01]} 17. Nb3 {[%emt 0:01:18]} Bb7 {[%emt 0:00:26]} 18. Ne5 {[%emt 0:02:18]} Qd6 {[%emt 0:02:17]} 19. Rac1 {[%emt 0:04:37]} Rfc8 {[%emt 0:00:43]} 20. f4 {[%emt 0:16:21]} Rc7 {[%emt 0:07:52]} 21. Qe2 {[%emt 0:03:08]} Rcc8 {[%emt 0:05:49]} 22. g4 {[%emt 0:05:31]} Ne4 {[%emt 0:06:02]} 23. Qg2 {[%emt 0:03:15]} f6 {[%emt 0:01:51]} 24. Bxe4 {[%emt 0:00:50]} fxe5 {[%emt 0:06:06]} 25. fxe5 {[%emt 0:00:29]} Qd7 {[%emt 0:01:29]} 26. Bf5 {[%emt 0:06:41]} Nxf5 {[%emt 0:01:12]} 27. gxf5 {[%emt 0:00:23]} Rf8 {[%emt 0:01:28]} 28. f6 {[%emt 0:03:54]} Rf7 {[%emt 0:03:08]} 29. Rf4 {[%emt 0:05:40]} Raf8 {[%emt 0:01:56]} 30. Rcf1 {[%emt 0:00:41]} Re8 {[%emt 0:10:10]} 31. Qg6 {[%emt 0:02:28]} Kh8 {[%emt 0:09:34]} 32. fxg7+ {[%emt 0:03:22]} Rxg7 {[%emt 0:01:02]} 33. Rf8+ {[%emt 0:00:07]} Rg8 {[%emt 0:01:55]} 34. Qxg8# {[%emt 0:00:08] Kxg8} 1-0

[Event "LAT-ch Women 2017"]
[Site "Riga"]
[Date "2017.10.05"]
[Round "1"]
[White "Ungure, Liga"]
[Black "Zalcmane, Vija"]
[Result "1-0"]
[WhiteElo "1923"]
[BlackElo "1533"]
[Annotator "NA RC"]
[PlyCount "111"]
[EventDate "2017.??.??"]
[EventType "swiss"]
[EventCountry "LAT"]
[SourceTitle "playchess.com"]
[Source "ChessBase"]
[SourceQuality "1"]
[TimeControl "5400+30"]

1. e4 {[%emt 0:00:00]} e5 {[%emt 0:00:08]} 2. Nf3 {[%emt 0:00:00]} Nc6 {[%emt 0:00:08]} 3. Bc4 {[%emt 0:00:19]} Nf6 4. d3 {[%emt 0:00:07]} Be7 {[%emt 0:01:24]} 5. c3 d6 {[%emt 0:00:56]} 6. Nbd2 {[%emt 0:01:51]} O-O {[%emt 0:01:09]} 7. Qe2 {[%emt 0:03:52]} Na5 {[%emt 0:05:21]} 8. Bb5 {[%emt 0:00:26]} Bd7 {[%emt 0:01:41]} 9. Bxd7 {[%emt 0:01:58]} Qxd7 {[%emt 0:01:38]} 10. Nf1 {[%emt 0:04:49]} c5 {[%emt 0:01:14]} 11. Ng3 {[%emt 0:01:34]} g6 {[%emt 0:03:29]} 12. Bh6 {[%emt 0:04:39]} Rfe8 {[%emt 0:01:34]} 13. h3 {[%emt 0:02:48]} b5 {[%emt 0:07:37]} 14. O-O {[%emt 0:03:09]} Kh8 {[%emt 0:01:41]} 15. Nh2 {[%emt 0:08:44]} Bf8 {[%emt 0:11:54]} 16. Bxf8 {[%emt 0:04:11]} Rxf8 {[%emt 0:00:18]} 17. f4 {[%emt 0:08:32]} exf4 {[%emt 0:07:04]} 18. Rxf4 {[%emt 0:00:14]} Qe6 {[%emt 0:01:13]} 19. Qf2 {[%emt 0:06:17]} Nd7 {[%emt 0:06:14]} 20. d4 {[%emt 0:03:54]} Rac8 {[%emt 0:09:40]} 21. Nf3 {[%emt 0:05:07]} a6 {[%emt 0:08:13]} 22. Ng5 {[%emt 0:06:35]} Qe7 {[%emt 0:02:49]} 23. Nxf7+ {[%emt 0:02:07]} Kg7 {[%emt 0:00:59]} 24. Rf1 {[%emt 0:01:55]} Nc6 {[%emt 0:02:21]} 25. Nh5+ {[%emt 0:09:11]} Kg8 {[%emt 0:01:26]} 26. Nh6+ {[%emt 0:05:54]} Kh8 {[%emt 0:00:18]} 27. Rf7 {[%emt 0:03:39]} Rxf7 {[%emt 0:01:52]} 28. Nxf7+ {[%emt 0:00:37]} Kg8 {[%emt 0:00:48]} 29. Qg3 {[%emt 0:04:57]} cxd4 {[%emt 0:03:00]} 30. Nxd6 {[%emt 0:01:29]} Rf8 {[%emt 0:01:48]} 31. Nf5 {[%emt 0:04:22]} Qc5 {[%emt 0:07:12]} 32. Kh1 {[%emt 0:01:50]} dxc3 {[%emt 0:00:39]} 33. bxc3 {[%emt 0:00:11]} Kh8 {[%emt 0:02:42]} 34. Rd1 {[%emt 0:00:14]} Nf6 {[%emt 0:07:04]} 35. Nxf6 {[%emt 0:00:44]} Rxf6 {[%emt 0:00:33]} 36. Nh6 {[%emt 0:01:07]} Qf8 {[%emt 0:00:22]} 37. Ng4 {[%emt 0:00:17]} Rf1+ {[%emt 0:01:42]} 38. Rxf1 {[%emt 0:00:01]} Qxf1+ {[%emt 0:00:18]} 39. Kh2 {[%emt 0:00:01]} Qf7 {[%emt 0:00:34]} 40. Qd6 {[%emt 0:00:21]} Ne7 {[%emt 0:00:33]} 41. Nh6 {[%emt 0:01:16]} Qf8 {[%emt 0:00:33]} 42. Ng4 {[%emt 0:00:15]} Kg7 {[%emt 0:00:29]} 43. Qe5+ {[%emt 0:00:55]} Kg8 {[%emt 0:00:39]} 44. Nf6+ {[%emt 0:00:19]} Kf7 {[%emt 0:00:41]} 45. Nxh7 {[%emt 0:00:34]} Qg7 {[%emt 0:00:25]} 46. Ng5+ {[%emt 0:00:24]} Kg8 {[%emt 0:00:19]} 47. Qb8+ {[%emt 0:00:44]} Qf8 {[%emt 0:00:15]} 48. Qxf8+ {[%emt 0:00:14]} Kxf8 {[%emt 0:00:05]} 49. Ne6+ {[%emt 0:00:09]} Kf7 {[%emt 0:00:48]} 50. Nc7 {[%emt 0:00:08]} Nc8 {[%emt 0:00:48]} 51. Nxa6 {[%emt 0:00:11]} Kf6 {[%emt 0:00:27]} 52. Kg3 {[%emt 0:00:15]} Nd6 {[%emt 0:00:25]} 53. Kf4 {[%emt 0:00:39]} g5+ {[%emt 0:00:19]} 54. Kf3 {[%emt 0:00:32]} Ke5 {[%emt 0:00:21]} 55. Nc5 {[%emt 0:00:14]} Nc4 {[%emt 0:00:46]} 56. Nd3+ {[%emt 0:00:39]} 1-0

[Event "LAT-ch Women 2017"]
[Site "Riga"]
[Date "2017.10.05"]
[Round "1"]
[White "Maklakova, Nellija"]
[Black "Ivanova, Katrina Telma"]
[Result "1-0"]
[WhiteElo "1800"]
[BlackElo "1306"]
[Annotator "NA RC"]
[PlyCount "47"]
[EventDate "2017.??.??"]
[EventType "swiss"]
[EventCountry "LAT"]
[SourceTitle "playchess.com"]
[Source "ChessBase"]
[SourceQuality "1"]
[TimeControl "5400+30"]

1. c4 {[%emt 0:00:00]} e6 {[%emt 0:00:22]} 2. g3 {[%emt 0:00:15]} d5 {[%emt 0:00:54]} 3. cxd5 {[%emt 0:01:14]} exd5 {[%emt 0:00:32]} 4. Bg2 {[%emt 0:00:24]} Nf6 {[%emt 0:01:36]} 5. Nf3 {[%emt 0:00:46]} Be7 {[%emt 0:03:14]} 6. O-O {[%emt 0:01:27]} Nc6 {[%emt 0:03:43]} 7. a3 {[%emt 0:06:51]} O-O {[%emt 0:04:55]} 8. b4 {[%emt 0:01:25]} a6 {[%emt 0:01:56]} 9. Bb2 {[%emt 0:01:04]} h6 {[%emt 0:05:04]} 10. d3 {[%emt 0:02:09]} Be6 {[%emt 0:10:45]} 11. Nbd2 {[%emt 0:02:26]} Rc8 {[%emt 0:08:19]} 12. Rc1 {[%emt 0:01:21]} Re8 {[%emt 0:10:50]} 13. Nb3 {[%emt 0:02:40]} Nh7 {[%emt 0:20:33]} 14. Nc5 {[%emt 0:04:31]} Bxc5 {[%emt 0:02:36]} 15. Rxc5 {[%emt 0:01:02]} Nf6 {[%emt 0:09:00]} 16. Qa1 {[%emt 0:08:59]} Nh5 {[%emt 0:07:13]} 17. Rfc1 {[%emt 0:02:11]} Kh7 {[%emt 0:05:14]} 18. b5 {[%emt 0:04:03]} axb5 {[%emt 0:00:27]} 19. Rxb5 {[%emt 0:00:11]} Ne7 {[%emt 0:01:59]} 20. Rxb7 {[%emt 0:00:30]} c6 {[%emt 0:00:31]} 21. Bd4 {[%emt 0:03:15]} Rg8 {[%emt 0:00:27]} 22. a4 {[%emt 0:00:52]} Rc7 {[%emt 0:00:32]} 23. Rb3 {[%emt 0:03:39]} Ra7 {[%emt 0:00:30]} 24. Bxa7 {[%emt 0:00:12]} 1-0

[Event "LAT-ch Women 2017"]
[Site "Riga"]
[Date "2017.10.05"]
[Round "1"]
[White "Vainovska, Valentina"]
[Black "Erneste, Inguna"]
[Result "0-1"]
[WhiteElo "1676"]
[BlackElo "2133"]
[Annotator "TA"]
[PlyCount "88"]
[EventDate "2017.??.??"]
[EventType "swiss"]
[EventCountry "LAT"]
[SourceTitle "playchess.com"]
[Source "ChessBase"]
[SourceQuality "1"]

{[%evp 25,88,-23,-9,-15,0,-16,-22,-23,0,0,0,0,40,30,35,33,25,4,17,0,17,8,5,-102,0,-459,-460,-460,-441,-409,-58,-67,0,0,-12,-747,-38,-49,-35,-62,0,0,0,-71,-72,-95,-35,-33,-35,-37,-33,-81,-81,-95,-102,-103,-83,-103,-33,-97,-100,-29997,-29998,-29998,-29999]} 1. d4 d5 2. Nf3 Nf6 3. Bf4 e6 4. e3 Bd6 5. Bxd6 Qxd6 6. Nbd2 O-O 7. Bd3 c5 8. c3 Nc6 9. O-O e5 10. dxe5 Nxe5 11. Nxe5 Qxe5 12. Nf3 Qe7 13. h3 Bd7 {LiveBook: 4 Games} 14. a4 {D02: 1 d4 d5 2 Nf3 sidelines, including 2...Nf6 3 g3 and 2...Nf6 3 Bf4} (14. Qc2 Bc6 15. Ng5 g6 16. Rfe1 Rfe8 17. Rad1 Rad8 18. b3 d4 19. cxd4 Nd5 20. h4 cxd4 21. Bc4 dxe3 22. Bxd5 Rxd5 23. Rxe3 Rxd1+ 24. Qxd1 {½-½ (47) Feoktistov,A (2390)-Burmakin,V (2534) Novgorod 1999}) 14... Rad8 $146 ({Predecessor:} 14... Bc6 15. Qc2 d4 16. Ng5 h6 17. Nh7 Nxh7 18. Bxh7+ Kh8 19. Bd3 dxe3 20. f3 Rad8 21. Rfe1 Qg5 22. Kh1 c4 23. Bf1 Rd2 24. Qc1 Bxf3 25. gxf3 Qg3 {0-1 (25) Azzoug,S (1664)-Tobella Torras,J (2045) ICCF email 2010}) 15. Re1 Ne4 16. Qc2 {The position is equal.} Bc6 17. a5 h6 18. Red1 Ng5 (18... Qf6 {with more complications.} 19. Rdc1 Rfe8 20. b4 b6 21. axb6 axb6 22. Ra7 Rd6) 19. Nxg5 Qxg5 20. Bf1 Qe7 21. Be2 f5 22. Bf3 f4 23. exf4 Rxf4 24. Qd2 {[#]} (24. Re1 $11 {keeps the balance.} Qg5 25. Qd2) 24... Qf6 (24... Rxf3 $1 $17 {[%mdl 512]} 25. gxf3 d4) 25. Re1 $2 {[%mdl 8192]} (25. Qe2 $11) 25... Rxf3 $19 26. gxf3 d4 27. Kh2 {[#]} Qxf3 $2 (27... dxc3 $1 $19 28. Qxc3 Qf4+ 29. Kg1 Rd6) 28. Rg1 $15 Rd6 ({Black should play} 28... Rd5 $1 $15 29. Rg3 dxc3) 29. Rg3 $11 dxc3 30. Qc2 $2 {[%mdl 8192]} (30. Qe1 $11 Qf7 31. bxc3) 30... cxb2 $2 (30... Qf4 $19 31. bxc3 Rd2 32. Qxd2 Qxd2) 31. Qxb2 $15 {[%csl Gg3][%cal Rb2g7]} Qf7 32. Rag1 {[%cal Rg3g7]} g6 (32... g5 $15) 33. Qc2 $11 {[%cal Rg3g6]} Kh7 34. Qb2 (34. Qxc5 $11 {remains equal.} Rf6 35. Re1) 34... Rf6 $17 35. Rf1 a6 ({Better is} 35... b5 $17 {aiming for ...c4.} 36. axb6 axb6) 36. Kg1 $15 {[#]} Qd5 $1 {[%csl Gc6][%cal Rd5h1][%mdl 512]} 37. Kh2 Rf5 $36 {[%mdl 2048] Black has some pressure.} 38. Rfg1 Qf7 39. f3 Rxf3 40. Rxf3 Qxf3 41. Qc2 Qf4+ 42. Rg3 {[#]} Be4 $1 {[%cal Re4c2]} 43. Qxc5 $2 {[%mdl 8192]} (43. Qe2 $17) 43... Qd2+ 44. Kg1 Qe1+ {Precision: White = 51%, Black = 40%.} 0-1

[Event "LAT-ch Women 2017"]
[Site "Riga"]
[Date "2017.10.05"]
[Round "1"]
[White "Osobskaja, Zinaida"]
[Black "Limanovska, Elizabete"]
[Result "0-1"]
[WhiteElo "1646"]
[BlackElo "1972"]
[Annotator "NA RC"]
[PlyCount "98"]
[EventDate "2017.??.??"]
[EventType "swiss"]
[EventCountry "LAT"]
[SourceTitle "playchess.com"]
[Source "ChessBase"]
[SourceQuality "1"]
[TimeControl "5400+30"]

1. e4 {[%emt 0:00:21]} c5 {[%emt 0:00:02]} 2. Nf3 {[%emt 0:00:11]} d6 {[%emt 0:00:03]} 3. c4 {[%emt 0:00:25]} Nc6 {[%emt 0:00:52]} 4. d4 {[%emt 0:00:14]} cxd4 {[%emt 0:00:23]} 5. Nxd4 {[%emt 0:00:11]} g6 {[%emt 0:00:38]} 6. Nc3 {[%emt 0:00:48]} Bg7 {[%emt 0:00:33]} 7. Be3 {[%emt 0:01:30]} Nf6 {[%emt 0:01:02]} 8. h3 {[%emt 0:00:22]} O-O {[%emt 0:04:57]} 9. Rc1 {[%emt 0:01:25]} Qa5 {[%emt 0:08:20]} 10. Bd3 {[%emt 0:07:12]} Ne5 {[%emt 0:09:30]} 11. b3 {[%emt 0:00:47]} Nxd3+ {[%emt 0:04:41]} 12. Qxd3 {[%emt 0:00:16]} Bd7 {[%emt 0:03:32]} 13. O-O {[%emt 0:00:35]} Rfc8 {[%emt 0:03:41]} 14. Nde2 {[%emt 0:01:50]} Bc6 {[%emt 0:10:09]} 15. a4 {[%emt 0:02:11]} Nd7 {[%emt 0:05:23]} 16. Rb1 {[%emt 0:05:43]} Qd8 {[%emt 0:03:26]} 17. Rfd1 {[%emt 0:01:18]} Qe8 {[%emt 0:04:09]} 18. f3 {[%emt 0:03:16]} Nc5 {[%emt 0:01:13]} 19. Qc2 {[%emt 0:00:28]} a5 {[%emt 0:04:39]} 20. Nd5 {[%emt 0:01:43]} Bxd5 {[%emt 0:02:04]} 21. Rxd5 {[%emt 0:00:43]} Rc6 {[%emt 0:12:56]} 22. Nc3 {[%emt 0:04:10]} e6 {[%emt 0:02:45]} 23. Rdd1 {[%emt 0:00:22]} Na6 {[%emt 0:03:12]} 24. Nb5 {[%emt 0:00:08]} d5 {[%emt 0:03:29]} 25. Qe2 {[%emt 0:02:02]} dxc4 {[%emt 0:01:53]} 26. Nd6 {[%emt 0:00:48]} Qe7 {[%emt 0:00:51]} 27. Nxc4 {[%emt 0:00:12]} Nc5 {[%emt 0:02:42]} 28. Qd2 {[%emt 0:04:20]} Nxb3 {[%emt 0:02:22]} 29. Rxb3 {[%emt 0:03:24]} Rxc4 {[%emt 0:00:05]} 30. Qd7 {[%emt 0:00:09]} Qxd7 {[%emt 0:02:17]} 31. Rxd7 {[%emt 0:00:11]} Rb4 {[%emt 0:01:59]} 32. Rxb7 {[%emt 0:00:55]} Bf8 {[%emt 0:00:39]} 33. R3xb4 {[%emt 0:08:25]} axb4 {[%emt 0:00:06]} 34. Rb5 {[%emt 0:05:04]} Rxa4 {[%emt 0:01:54]} 35. Rb8 {[%emt 0:00:03]} Kg7 {[%emt 0:00:07]} 36. Bd4+ {[%emt 0:00:46]} f6 {[%emt 0:00:19]} 37. Bxf6+ {[%emt 0:00:49]} Kxf6 {[%emt 0:00:03]} 38. Rxf8+ {[%emt 0:00:16]} Ke5 {[%emt 0:00:04]} 39. Kf2 {[%emt 0:01:15]} Kd4 {[%emt 0:00:07]} 40. Rb8 {[%emt 0:01:16]} Ra2+ {[%emt 0:00:41]} 41. Kg3 {[%emt 0:00:03]} Kc3 {[%emt 0:00:07]} 42. Rb6 {[%emt 0:00:54]} b3 {[%emt 0:02:49]} 43. Rxe6 {[%emt 0:00:49]} Ra4 {[%emt 0:00:37]} 44. Rc6+ {[%emt 0:06:04]} Rc4 {[%emt 0:00:07]} 45. Rb6 {[%emt 0:00:22]} Rb4 {[%emt 0:00:02]} 46. Rc6+ {[%emt 0:00:12]} Kd2 {[%emt 0:00:06]} 47. Kf2 {[%emt 0:00:58]} b2 {[%emt 0:00:18]} 48. Rd6+ {[%emt 0:00:18]} Kc2 {[%emt 0:00:05]} 49. Rc6+ {[%emt 0:00:18]} Kb3 {[%emt 0:00:04]} 0-1

[Event "LAT-ch Women 2017"]
[Site "Riga"]
[Date "2017.10.05"]
[Round "1"]
[White "Ter-Avetisjana, Agnesa Stepania"]
[Black "Parhomenko, Margarita"]
[Result "0-1"]
[WhiteElo "1319"]
[BlackElo "1919"]
[Annotator "NA RC"]
[PlyCount "126"]
[EventDate "2017.??.??"]
[EventType "swiss"]
[EventCountry "LAT"]
[SourceTitle "playchess.com"]
[Source "ChessBase"]
[SourceQuality "1"]
[TimeControl "5400+30"]

1. e4 {[%emt 0:00:00]} d5 {[%emt 0:00:29]} 2. exd5 {[%emt 0:00:00]} Qxd5 {[%emt 0:00:05]} 3. Nc3 {[%emt 0:00:00]} Qa5 {[%emt 0:00:09]} 4. d4 {[%emt 0:00:00]} Nf6 {[%emt 0:00:13]} 5. Nf3 {[%emt 0:01:37]} c6 {[%emt 0:00:05]} 6. Bd2 {[%emt 0:00:45]} Bg4 {[%emt 0:00:31]} 7. Ne4 {[%emt 0:01:35]} Qc7 {[%emt 0:00:19]} 8. Nxf6+ {[%emt 0:00:07]} gxf6 {[%emt 0:00:30]} 9. h3 {[%emt 0:00:12]} Bh5 {[%emt 0:02:03]} 10. g4 {[%emt 0:01:28]} Bg6 {[%emt 0:00:08]} 11. Nh4 {[%emt 0:00:24]} Be4 {[%emt 0:03:06]} 12. Bg2 {[%emt 0:00:40]} Bxg2 {[%emt 0:01:58]} 13. Nxg2 {[%emt 0:00:06]} Nd7 {[%emt 0:01:49]} 14. Qf3 {[%emt 0:02:34]} O-O-O {[%emt 0:03:29]} 15. O-O-O {[%emt 0:00:25]} Bg7 {[%emt 0:05:38]} 16. Qa3 {[%emt 0:01:40]} Nb6 {[%emt 0:03:29]} 17. Qxa7 {[%emt 0:01:18]} Nc4 {[%emt 0:05:35]} 18. Bc3 {[%emt 0:01:20]} Rd5 {[%emt 0:09:10]} 19. b3 {[%emt 0:08:18]} Nd6 {[%emt 0:13:26]} 20. Ne3 {[%emt 0:01:12]} Nb5 {[%emt 0:07:21]} 21. Nxd5 {[%emt 0:01:18]} cxd5 {[%emt 0:00:19]} 22. Qa8+ {[%emt 0:01:12]} Kd7 {[%emt 0:00:12]} 23. Qa4 {[%emt 0:00:22]} Qc6 {[%emt 0:04:24]} 24. Bb2 {[%emt 0:06:48]} Rc8 {[%emt 0:14:41]} 25. b4 {[%emt 0:05:00]} Bh6+ {[%emt 0:00:29]} 26. Rd2 {[%emt 0:01:03]} Bxd2+ {[%emt 0:05:43]} 27. Kxd2 {[%emt 0:00:08]} Nxd4 {[%emt 0:05:49]} 28. Qxc6+ {[%emt 0:00:13]} Nxc6 {[%emt 0:00:05]} 29. a3 {[%emt 0:01:19]} b5 {[%emt 0:00:18]} 30. Ke3 {[%emt 0:01:41]} Nd8 {[%emt 0:03:23]} 31. c3 {[%emt 0:00:37]} Nb7 {[%emt 0:00:14]} 32. Rd1 {[%emt 0:00:09]} Ke6 {[%emt 0:01:41]} 33. f4 {[%emt 0:01:07]} Rc4 {[%emt 0:02:51]} 34. Kf3 {[%emt 0:04:55]} Re4 {[%emt 0:02:58]} 35. f5+ {[%emt 0:00:59]} Kd6 {[%emt 0:00:08]} 36. Bc1 {[%emt 0:01:46]} e5 {[%emt 0:00:41]} 37. fxe6 {[%emt 0:00:47]} fxe6 {[%emt 0:00:09]} 38. Bf4+ {[%emt 0:00:23]} e5 {[%emt 0:00:12]} 39. Bd2 {[%emt 0:01:03]} Ke6 {[%emt 0:00:38]} 40. Rg1 {[%emt 0:01:52]} Nd6 {[%emt 0:03:57]} 41. Bc1 {[%emt 0:01:18]} Rc4 {[%emt 0:00:25]} 42. Bb2 {[%emt 0:00:13]} Rf4+ {[%emt 0:01:01]} 43. Kg3 {[%emt 0:00:30]} Ne4+ {[%emt 0:00:21]} 44. Kh4 {[%emt 0:00:13]} Rf2 {[%emt 0:00:46]} 45. Rb1 {[%emt 0:00:20]} Rh2 {[%emt 0:00:25]} 46. a4 {[%emt 0:03:03]} bxa4 {[%emt 0:01:06]} 47. b5 {[%emt 0:00:10]} Kd7 {[%emt 0:00:21]} 48. b6 {[%emt 0:00:23]} Kc6 {[%emt 0:00:22]} 49. Ba3 {[%emt 0:00:23]} Kb7 {[%emt 0:00:08]} 50. Be7 {[%emt 0:00:50]} Rc2 {[%emt 0:01:17]} 51. Ra1 {[%emt 0:01:44]} Rxc3 {[%emt 0:00:41]} 52. Rxa4 {[%emt 0:00:07]} Kxb6 {[%emt 0:00:07]} 53. Bd8+ {[%emt 0:00:22]} Kb5 {[%emt 0:00:43]} 54. Ra5+ {[%emt 0:00:14]} Kc4 {[%emt 0:00:19]} 55. Ra4+ {[%emt 0:00:17]} Kb3 {[%emt 0:00:15]} 56. Ra5 {[%emt 0:00:12]} d4 {[%emt 0:00:14]} 57. Rb5+ {[%emt 0:00:13]} Kc2 {[%emt 0:00:49]} 58. Ba5 {[%emt 0:00:23]} Rf3 {[%emt 0:00:32]} 59. Rb7 {[%emt 0:00:26]} Ng5 {[%emt 0:00:14]} 60. Rc7+ {[%emt 0:00:30]} Kd1 {[%emt 0:00:13]} 61. Rc1+ {[%emt 0:00:38]} Kxc1 {[%emt 0:00:11]} 62. Bd2+ {[%emt 0:00:08]} Kxd2 {[%emt 0:00:11]} 63. Kh5 {[%emt 0:00:09]} Rxh3# 0-1

[Event "LAT-ch Women 2017"]
[Site "Riga"]
[Date "2017.10.06"]
[Round "2"]
[White "Erneste, Inguna"]
[Black "Maklakova, Nellija"]
[Result "0-1"]
[WhiteElo "2133"]
[BlackElo "1800"]
[Annotator "TA"]
[PlyCount "84"]
[EventDate "2017.??.??"]
[EventType "swiss"]
[EventCountry "LAT"]
[SourceTitle "playchess.com"]
[Source "ChessBase"]
[SourceQuality "1"]

{[%evp 20,84,0,0,31,-16,25,-12,-5,-78,-74,-83,-84,-103,0,-130,0,-126,-125,-133,-134,-207,-192,-235,-245,-254,-240,-427,-423,-387,-348,-750,-565,-522,-522,-459,-298,-366,-352,-350,-357,-395,-402,-561,-521,-770,-764,-745,-675,-1439,-1375,-1344,-754,-29983,-29984,-29984,0,-29985,-29986,-29984,-1090,-2062,-1814,-1412,-1146,-1164,-607]} 1. e4 e6 2. d4 d5 3. Nd2 Nf6 4. e5 Nfd7 5. c3 c5 6. Bd3 Nc6 7. Ngf3 Qb6 8. Qa4 cxd4 9. cxd4 Bb4 10. a3 Be7 {[%cal Bb4e7,Be7f6,Bf6d4][%mdl 32]} 11. O-O O-O {C06: Französische Verteidigung (Tarrasch-Variante)} 12. Re1 (12. b3 f6 13. Bb2 fxe5 14. dxe5 Nc5 15. Qb5 Nxd3 16. Qxd3 Bd7 17. Nc4 Qc7 18. Ncd2 Be8 19. Rac1 {½-½ (33) Bricard,H (2067)-Guyon,C (1905) Champagne Ardenne 2009}) 12... f5 $146 {Weiss sollte ...g5 verhindern.} ({Vorgänger:} 12... Qc7 13. Qc2 h6 14. Nf1 Nb6 15. Ng3 Qd8 16. Bf4 Bg5 17. Qc1 Bxf4 18. Qxf4 f5 19. h4 {1-0 (58) Reineke,C-Lange,C Germany 1999}) 13. exf6 Bxf6 {[%cal Rc6d4] Die Stellung ist ausgeglichen.} 14. Qc2 (14. Rxe6 $11 Bxd4 15. Nxd4 Qxd4 16. Qxd4 Nxd4 17. Rd6) 14... Bxd4 $17 15. Bxh7+ Kh8 16. Re2 ({Falsch wäre} 16. Nxd4 $2 Nxd4 17. Qd3 Nb3 $19) 16... e5 ({Günstiger ist} 16... Nde5 $17 {Und weiter mit ...Lxf2+! wäre nett.} 17. h3 Bd7) 17. Bg6 {[#]} (17. Nb3 $1 $11) 17... Ne7 (17... Nc5 $1 $17 {Und ...Tf6 würde nun gewinnen.} 18. Qd1 Bf5 19. Bxf5 Rxf5) 18. Nxd4 (18. Bd3 $11 {bleibt in der Remisbreite.}) 18... Nxg6 19. N4f3 e4 $36 {[%mdl 2048] Schwarz hat starke Initiative.} 20. Ne1 (20. Nxe4 $17 {ist eine bessere Verteidigung.} dxe4 21. Rxe4) 20... Nde5 21. Nb3 Bg4 22. Be3 Qf6 23. Rd2 $2 (23. Nd4) 23... Rac8 $19 24. Qb1 Nc4 25. Nc2 $2 (25. Bd4 Nxd2 26. Bxf6 Nxb1 27. Bg5) 25... Nxd2 26. Nxd2 Nf4 27. Nd4 Nd3 {[%cal Bf4d3,Bd3f2,Bf2d1][%mdl 32]} 28. Qa2 Qe5 ({Bloß nicht} 28... Nxf2 29. Qb3 $19) 29. Qb3 b6 30. a4 Rf6 31. Qb5 {[#]} Nxf2 $1 {[%mdl 512]} 32. N4b3 (32. Bxf2 Rxf2) 32... Nd1 33. Bd4 Qf5 {zielt auf ...e3! ab.} 34. h3 e3 35. Bxf6 Qxf6 36. hxg4 Qf2+ 37. Kh2 Qh4+ 38. Kg1 {Schwarz muss nun De2 beachten.} Nf2 {[%csl Gf2][%cal Rh4h1]} 39. Kf1 exd2 (39... Nxg4 $142 40. Ke2 Qf2+ 41. Kd1 exd2 42. Qe2 Ne3+ 43. Qxe3 Qxe3 44. Nxd2 Qg1+ 45. Ke2 Re8+ 46. Kd3 Qxa1 47. a5 Qxb2 48. axb6 axb6 49. g4 b5 50. Nf3 b4 51. Ne5 Rxe5 52. g5 Qc3#) 40. Ke2 {Schwarz steht klar auf Gewinn.} d1=Q+ 41. Rxd1 Nxd1 42. Kxd1 Qxg4+ {Precision: Weiß = 17%, Schwarz = 55%.} 0-1